| 000 | 00504nam a2200181Ia 4500 | ||
|---|---|---|---|
| 008 | 240925s9999 xx 000 0 und d | ||
| 020 | _a8131711927 | ||
| 082 | _a621.382GOL | ||
| 100 | _aGoleniewski, Lillian; Jarrett ,Kitty Wilson | ||
| 245 | 0 | _aTelecommunications Essentials | |
| 250 | _a2nd | ||
| 260 |
_aNew Delhi: _bPearson Education _c,2007. |
||
| 300 |
_axv,640p. _bNA _fPhotocopy |
||
| 500 | _aIncludes Index | ||
| 600 | _aTelecommunication Engineering | ||
| 650 | _aTechnology | ||
| 942 | _cBK | ||
| 999 |
_c9880 _d9880 |
||